banner-ar

الصحراء المصرية جبانة البجوات فى الواحة الخارجة / (Record no. 52937)

MARC details
000 -الفاتح
حقل البيانات ثابتة الطول 01094nam a2200265Ia 4500
008 - عناصر البيانات ثابتة الطول - معلومات عامة
حقل البيانات ثابتة الطول 140319s9999 xx 000 0 ara d
020 ## - الرقم الدولى المعيارى للكتب
الرقم الدولى المعيارى للكتاب 1231585977
040 ## - مصدر الفهرسة
وكالة الفهرسة الأصلية GCL /
وكالة النسخ GCL
082 04 - رقم تصنيف ديوى العشرى
رقم التصنيف ق
رقم المادة 932
-- ا ص
100 1# - المدخل الرئيسى - إسم شخصى
الإسم الشخصى امال العمرى
245 10 - بيان العنوان
العنوان الصحراء المصرية جبانة البجوات فى الواحة الخارجة /
بيان المسئوليه,etc امال العمرى
700 1# - المدخل الاضافى - اسم شخصى
الإسم الشخصى عبدالرحمن عبدالتواب
700 1# - المدخل الاضافى - اسم شخصى
الإسم الشخصى احمد فخرى
260 ## - PUBLICATION, DISTRIBUTION, ETC. (IMPRINT)
تاريخ النشر أو التوزيع 1989
300 ## - الوصف المادى
التعداد 428 ص ؛
أبعاد الوعاء 22 سم
490 ## - بيان السلسلة
عنوان السلسلة سلسلة الثقافة الاثرية والتاريخية مشروع المائة كتاب
رقم المجلد/ التعيين التسلسلي 14
650 04 - المدخل الاضافى بالموضوع-مصطلح موضوعى
مصطلح موضوعي المقابر
650 04 - المدخل الاضافى بالموضوع-مصطلح موضوعى
مصطلح موضوعي مصر القديمة
650 04 - المدخل الاضافى بالموضوع-مصطلح موضوعى
مصطلح موضوعي الفن المصرى القديم
650 04 - المدخل الاضافى بالموضوع-مصطلح موضوعى
مصطلح موضوعي الواحات الخارجة
650 04 - المدخل الاضافى بالموضوع-مصطلح موضوعى
مصطلح موضوعي مصر القديمة - تاريخ - الدولة الوسطى ( 2260-1580 ق. م )
650 04 - المدخل الاضافى بالموضوع-مصطلح موضوعى
مصطلح موضوعي مصر القديمة - تاريخ - الدولة الحديثة ( 1580 - 525 ق . م )
942 ## - عناصر المدخل الإضافي( كوها)
مصدر التصنيف او مخطط الترفيف Dewey Decimal Classification
Koha [default] item type كتاب
260 ## - PUBLICATION, DISTRIBUTION, ETC. (IMPRINT)
-- القاهرة :
-- هيئة الاثار المصرية ،
Holdings
حالة التراجع حالة الفقد حالة تلف ليس للاعارة المكان المؤقت الموقع الحالى تاريخ الاكتساب اجمالي اﻻعارات رقم الطلب الباركود تاريخ اخر مشاهدة تاريخ تفعيل السعر نوع وعاء كوها
        مكتبة القاهرة الكبرى مكتبة القاهرة الكبرى 03/26/2014   ق\932\ا ص 127035 03/26/2014 03/26/2014 كتاب
        مكتبة القاهرة الكبرى مكتبة القاهرة الكبرى 03/26/2014   ق\932\ا ص 127036 03/26/2014 03/26/2014 كتاب

Powered By

EGPV